|
|
|
|
| LEADER |
01290nam a22003377a 4500 |
| 001 |
36173 |
| 003 |
BD-DhAAL |
| 005 |
20250921145215.0 |
| 008 |
200225t2003 enk 010 0enggd |
| 020 |
|
|
|a 052153674x
|
| 020 |
|
|
|a 9780521536745
|
| 040 |
|
|
|a BD-DhAAL
|
| 082 |
|
|
|a 570
|2 21
|
| 245 |
|
|
|a AS level and A Level Biology /
|c Mary Jones ... [et al.].
|
| 246 |
|
|
|a Biology
|
| 260 |
|
|
|a Cambridge :
|b Cambridge University Press,
|c c2003
|
| 300 |
|
|
|a 346 pages :
|b illustrations, maps ;
|c 28 cm.
|
| 490 |
|
|
|a Cambridge international examinations
|
| 526 |
|
|
|a BIED
|
| 541 |
|
|
|a Complimentary copy from BIED
|e 36173
|
| 650 |
|
|
|a Biology
|v Textbooks.
|9 39572
|
| 650 |
|
|
|a Biology
|x Examinations
|v Study guides.
|9 39573
|
| 650 |
|
|
|a Advanced supplementary examinations
|v Study guides.
|9 39574
|
| 700 |
|
|
|a Jones, M.
|q $q(Mary),
|d 1938-
|9 39575
|
| 700 |
|
|
|a Fosbery, Richard
|9 39576
|
| 700 |
|
|
|a Taylor, Dennis
|9 39577
|
| 700 |
|
|
|a Gregory, Jennifer
|9 39578
|
| 852 |
|
|
|a Ayesha Abed Library
|c BIED Collection
|
| 942 |
|
|
|2 ddc
|c BK
|
| 999 |
|
|
|c 42255
|d 42255
|
| 952 |
|
|
|0 0
|1 0
|2 ddc
|4 0
|6 570_000000000000000_ASL
|7 0
|9 68007
|a BRACUL
|b BRACUL
|c GEN
|d 2020-02-25
|e Complimentary copy from BIED
|l 2
|m 1
|o 570 ASL
|p 3010036173
|r 2025-05-13
|s 2025-05-13
|t 1
|w 2020-02-25
|y BK
|x Transferred from BIED to General Stacks
|